[Event "Team junior-girls chess final 2016"]
[Site "Sochi"]
[Date "2016.05.07"]
[Round "7.1"]
[White "Grunina, Margarita"]
[Black "Girshgorn, Maria"]
[Result "1-0"]
[WhiteElo "1621"]
[BlackElo "1677"]
[PlyCount "89"]
[EventDate "2016.05.01"]

1. e4 c6 2. d4 d5 3. Nd2 dxe4 4. Nxe4 Nf6 5. Nxf6+ exf6 6. c3 Bd6 7. Nf3 O-O 8.
Be2 Bg4 9. O-O Nd7 10. Be3 Re8 11. Re1 Nf8 12. b4 Ne6 13. Qd2 Qc7 14. h3 Bh5
15. Nh4 Bxe2 16. Qxe2 Bh2+ 17. Kh1 Bf4 18. Qg4 Bxe3 19. Rxe3 Nf4 20. Nf5 g6 21.
Rae1 Rxe3 22. Rxe3 Ne6 23. Nh6+ Kg7 24. Nxf7 Nf4 25. Rf3 Nd5 26. c4 Nxb4 27.
Nh6 Kxh6 28. Qh4+ Kg7 29. Qxf6+ Kg8 30. Qe6+ Kh8 31. Rf7 Qxf7 32. Qxf7 b6 33.
Qf6+ Kg8 34. Qe6+ Kh8 35. a3 Nc2 36. Qf6+ Kg8 37. Qxc6 Rf8 38. Qe6+ Rf7 39. d5
Nd4 40. Qe5 Nc2 41. d6 Nxa3 42. d7 Rxd7 43. Qe8+ Kg7 44. Qxd7+ Kh6 45. Qd2+ 1-0

[Event "Team junior-girls chess final 2016"]
[Site "Sochi"]
[Date "2016.05.07"]
[Round "7.1"]
[White "Krupnova, Anna"]
[Black "Surovtseva, Alisa"]
[Result "1-0"]
[WhiteElo "1595"]
[BlackElo "1574"]
[PlyCount "53"]
[EventDate "2016.05.01"]

1. d4 d5 2. c4 c6 3. cxd5 cxd5 4. Nc3 Nf6 5. Nf3 Nc6 6. Bf4 e6 7. e3 a6 8. Rc1
Bd6 9. Bg3 O-O 10. Bd3 h6 11. Bh4 Be7 12. Bg3 Bd6 13. Ne5 Bxe5 14. dxe5 Nd7 15.
f4 Qb6 16. Qe2 Nc5 17. Bb1 Bd7 18. O-O f5 19. exf6 Rxf6 20. f5 d4 21. exd4 Nxd4
22. Qf2 Na4 23. Nxa4 Ne2+ 24. Kh1 Qxf2 25. Bxf2 Nxc1 26. Nb6 Ne2 27. Nxa8 1-0

[Event "Team junior-girls chess final 2016"]
[Site "Sochi"]
[Date "2016.05.07"]
[Round "7.1"]
[White "Samoshkina, Viktoria"]
[Black "Kasaeva, Sofiia"]
[Result "1/2-1/2"]
[WhiteElo "1291"]
[BlackElo "1514"]
[PlyCount "80"]
[EventDate "2016.05.01"]

1. d4 d5 2. c4 e6 3. Nc3 Nf6 4. Nf3 c6 5. Bf4 Nbd7 6. e3 Be7 7. Bd3 O-O 8. O-O
h6 9. Qc2 dxc4 10. Bxc4 Nd5 11. Bg3 N7f6 12. a3 Bd7 13. Rfe1 Rc8 14. e4 Nb6 15.
Ba2 c5 16. d5 exd5 17. exd5 Nh5 18. d6 Bf6 19. Be5 Bxe5 20. Nxe5 c4 21. Qd2 Be6
22. Nb5 a6 23. Nc3 Nf6 24. Ng6 Re8 25. Nf4 Rc6 26. Nxe6 Rxe6 27. Rxe6 fxe6 28.
Rd1 Nbd5 29. Qd4 b5 30. a4 b4 31. Ne4 Nxe4 32. Qxe4 Rxd6 33. Bxc4 a5 34. Bxd5
exd5 35. Qd4 Rc6 36. h3 Rd6 37. Kf1 Rd7 38. Kg1 Rd6 39. Kf1 Rd7 40. Kg1 Rd6
1/2-1/2

[Event "Team junior-girls chess final 2016"]
[Site "Sochi"]
[Date "2016.05.07"]
[Round "7.2"]
[White "Goltseva, Ekaterina"]
[Black "Shevchuk, Margarita"]
[Result "1-0"]
[WhiteElo "2137"]
[BlackElo "1583"]
[PlyCount "69"]
[EventDate "2016.05.01"]

1. d4 c5 2. d5 e5 3. e4 d6 4. c4 Be7 5. g3 Bg5 6. Nd2 Ne7 7. Bg2 O-O 8. Ne2 Ng6
9. O-O Nd7 10. Qc2 b6 11. f4 exf4 12. gxf4 Bh6 13. Nf3 Re8 14. Kh1 Nf6 15. f5
Bxc1 16. fxg6 Bh6 17. gxf7+ Kxf7 18. Ng3 Kg8 19. Nh4 Nxd5 20. Nhf5 Bxf5 21.
Nxf5 Ne3 22. Nxe3 Bxe3 23. e5 Rc8 24. Bd5+ Kh8 25. e6 Bd4 26. Rf7 Rc7 27. Raf1
Rxf7 28. exf7 Rf8 29. b3 Qe7 30. Qd3 g6 31. Qg3 Qe5 32. Qh4 Qe2 33. Re1 Qxa2
34. Qe7 Kg7 35. Qxf8+ 1-0

[Event "Team junior-girls chess final 2016"]
[Site "Sochi"]
[Date "2016.05.07"]
[Round "7.2"]
[White "Kirchei, Viktoriia"]
[Black "Filippova, Darya"]
[Result "0-1"]
[WhiteElo "1570"]
[BlackElo "1976"]
[PlyCount "114"]
[EventDate "2016.05.01"]

1. d3 d5 2. g3 e5 3. Bg2 f5 4. c4 dxc4 5. Qa4+ c6 6. Qxc4 Nf6 7. Nc3 Bd6 8. Nf3
Qe7 9. Nb5 Bb4+ 10. Bd2 Na6 11. Nc7+ Qxc7 12. Bxb4 Nxb4 13. Qxb4 Nd5 14. Qa3 h6
15. e4 fxe4 16. dxe4 Nf6 17. O-O Bg4 18. Rfe1 Bxf3 19. Bxf3 Qe7 20. Qb3 O-O-O
21. Bg2 g5 22. h3 Rd4 23. Rac1 Rhd8 24. Rc3 Qd7 25. Qa3 Kb8 26. Qc5 Qd6 27. Qa5
h5 28. Ra3 a6 29. Rb3 Kc8 30. Qb6 Qc7 31. Qxc7+ Kxc7 32. Rf3 Nd7 33. Rf5 Rg8
34. Re2 Rd6 35. Kh2 Rf6 36. Rxf6 Nxf6 37. f3 c5 38. Kh1 b5 39. b3 h4 40. g4 Rd8
41. Bf1 Kc6 42. Rc2 Ne8 43. a4 Nc7 44. axb5+ axb5 45. Kg2 Ne6 46. Kf2 Ra8 47.
Be2 Nd4 48. Rc3 Ra2 49. Re3 Rb2 50. Kf1 Rxb3 51. Rxb3 Nxb3 52. f4 exf4 53. e5
Nd4 54. Bd3 Kd5 55. Bf5 Nxf5 56. gxf5 Kxe5 57. f6 Kxf6 0-1

[Event "Team junior-girls chess final 2016"]
[Site "Sochi"]
[Date "2016.05.07"]
[Round "7.2"]
[White "Shakhmatova, Kseniya"]
[Black "Bezenkina, Ekaterina"]
[Result "1/2-1/2"]
[WhiteElo "1828"]
[BlackElo "1380"]
[PlyCount "82"]
[EventDate "2016.05.01"]

1. d4 d5 2. c4 e6 3. Nc3 Nf6 4. Bg5 Be7 5. e3 h6 6. Bh4 O-O 7. Nf3 Nbd7 8. Bd3
dxc4 9. Bxc4 b6 10. O-O Bb7 11. Qe2 c5 12. Rfd1 Qc8 13. Ne5 cxd4 14. exd4 Bd6
15. Bg3 Nh7 16. Nb5 Be7 17. Rac1 Nxe5 18. dxe5 Bc5 19. Nd6 Qc6 20. Nxb7 Qxb7
21. Bd3 Rad8 22. h4 a5 23. Qc2 g6 24. Bf4 h5 25. Bh6 Rfe8 26. Bb5 Rxd1+ 27.
Rxd1 Rc8 28. Qe2 Qe7 29. g3 Rd8 30. Bd3 Rd5 31. Bc4 Rxd1+ 32. Qxd1 Nf8 33. Bb5
Bxf2+ 34. Kxf2 Qc5+ 35. Be3 Qxb5 36. Qd4 Nd7 37. Bf4 Nc5 38. Ke3 Qf1 39. Qd8+
Kh7 40. Qxb6 Qg1+ 41. Ke2 Qg2+ 1/2-1/2

[Event "Team junior-girls chess final 2016"]
[Site "Sochi"]
[Date "2016.05.08"]
[Round "8.1"]
[White "Shevchuk, Margarita"]
[Black "Afanasieva, Alexandra"]
[Result "0-1"]
[WhiteElo "1583"]
[BlackElo "1911"]
[PlyCount "104"]
[EventDate "2016.05.01"]

1. e4 c6 2. d4 d5 3. Nc3 dxe4 4. Nxe4 Bf5 5. Ng3 Bg6 6. h4 h6 7. Nf3 Nd7 8. Bd3
Bxd3 9. Qxd3 e6 10. Bf4 Qa5+ 11. Bd2 Bb4 12. c3 Be7 13. c4 Qc7 14. Ne4 Ngf6 15.
O-O-O Ng4 16. Qe2 b5 17. cxb5 cxb5+ 18. Kb1 O-O 19. g3 Ndf6 20. Nxf6+ Nxf6 21.
Bf4 Qb7 22. Rc1 Rac8 23. Rxc8 Rxc8 24. Rc1 Rxc1+ 25. Bxc1 Qd5 26. Be3 Qe4+ 27.
Kc1 Nd5 28. Nd2 Qh1+ 29. Qf1 Qxf1+ 30. Nxf1 Bd6 31. a3 Kf8 32. Kc2 Ke7 33. Kd3
Nb6 34. Nd2 f5 35. f4 Kd7 36. Bf2 Kc6 37. Be3 Kd5 38. Nb1 Nc4 39. Bc1 Be7 40.
Nc3+ Kc6 41. b4 a5 42. Na2 axb4 43. Nxb4+ Bxb4 44. axb4 Kd5 45. h5 Nd6 46. Be3
Ne4 47. Bc1 Nxg3 48. Be3 Nxh5 49. Bd2 Nf6 50. Be1 Ne4 51. Bh4 g5 52. fxg5 hxg5
0-1

[Event "Team junior-girls chess final 2016"]
[Site "Sochi"]
[Date "2016.05.08"]
[Round "8.1"]
[White "Bondareva, Daria"]
[Black "Kirchei, Viktoriia"]
[Result "1/2-1/2"]
[WhiteElo "1601"]
[BlackElo "1570"]
[PlyCount "134"]
[EventDate "2016.05.01"]

1. e4 Nf6 2. e5 Nd5 3. d4 d6 4. c4 Nb6 5. exd6 cxd6 6. Nc3 g6 7. Be3 Bg7 8. Rc1
O-O 9. b3 Bf5 10. Nf3 d5 11. c5 Nc8 12. Be2 Nc6 13. b4 a6 14. a3 Bg4 15. O-O
Bxf3 16. Bxf3 e6 17. Qd2 N8e7 18. Rfd1 Nf5 19. Ne2 Qd7 20. Qc2 Rac8 21. Qb3 h6
22. a4 Nh4 23. Bd2 Ne7 24. Bg4 Nhf5 25. Bxf5 exf5 26. b5 axb5 27. axb5 g5 28.
Ra1 Ra8 29. Ra4 Rxa4 30. Qxa4 f4 31. f3 Rc8 32. Ra1 Nf5 33. Qb4 Re8 34. Re1 Re6
35. Kf1 Qe8 36. Qa4 h5 37. Qb3 Nxd4 38. Nxd4 Rxe1+ 39. Bxe1 Bxd4 40. Bf2 Bxf2
41. Kxf2 Qd7 42. Qa4 d4 43. c6 bxc6 44. bxc6 Qd6 45. Qc4 d3 46. c7 Qb6+ 47. Kf1
Qb1+ 48. Kf2 Qb2+ 49. Kg1 Qb6+ 50. Kf1 Qb1+ 51. Kf2 Qb2+ 52. Kg1 Qa1+ 53. Kf2
Qa7+ 54. Kf1 Qa1+ 55. Kf2 Qb2+ 56. Kg1 Qb1+ 57. Kf2 Qb6+ 58. Kf1 Qb1+ 59. Kf2
Qb2+ 60. Kg1 Qa1+ 61. Kf2 Qb2+ 62. Kg1 Qb1+ 63. Kf2 Qb6+ 64. Kf1 Qb1+ 65. Kf2
Qb2+ 66. Kg1 Qa1+ 67. Kf2 Qb2+ 1/2-1/2

[Event "Team junior-girls chess final 2016"]
[Site "Sochi"]
[Date "2016.05.08"]
[Round "8.1"]
[White "Bezenkina, Ekaterina"]
[Black "Krupnova, Anna"]
[Result "1/2-1/2"]
[WhiteElo "1380"]
[BlackElo "1595"]
[PlyCount "77"]
[EventDate "2016.05.01"]

1. e4 c5 2. c3 Nf6 3. e5 Nd5 4. d4 cxd4 5. cxd4 d6 6. exd6 Qxd6 7. Nc3 Nxc3 8.
bxc3 g6 9. Nf3 Bg7 10. Bd3 O-O 11. O-O Nc6 12. Re1 Rd8 13. Bg5 Bg4 14. h3 Be6
15. Qd2 Rac8 16. Bh6 Bf6 17. Bg5 Bh8 18. Rab1 Qd7 19. Bb5 a6 20. Ba4 b5 21. Bb3
Bf5 22. Rbc1 Bf6 23. Bxf6 exf6 24. Qf4 Na5 25. Bc2 Bxc2 26. Rxc2 Kg7 27. Nd2
Nc4 28. Ne4 Qc6 29. Nc5 Rc7 30. Nxa6 Ra7 31. Nb4 Qb6 32. Qf3 Rc8 33. Nd3 Rca8
34. Nb4 Rc8 35. Nd3 Rca8 36. Nb4 Rc8 37. Nd3 Rca8 38. Nb4 Rc8 39. Qd3 1/2-1/2

[Event "Team junior-girls chess final 2016"]
[Site "Sochi"]
[Date "2016.05.08"]
[Round "8.2"]
[White "Podgornova, Anna"]
[Black "Budnikova, Varvara"]
[Result "0-1"]
[WhiteElo "1744"]
[BlackElo "1854"]
[PlyCount "84"]
[EventDate "2016.05.01"]

1. d4 d5 2. c4 dxc4 3. Nf3 Nf6 4. e3 a6 5. Bxc4 e6 6. O-O c5 7. Qe2 b5 8. Bb3
Bb7 9. Rd1 Nbd7 10. a4 Qb6 11. axb5 axb5 12. Rxa8+ Bxa8 13. Nc3 c4 14. Bc2 b4
15. Na4 Qc6 16. b3 c3 17. Ne1 Be7 18. f3 O-O 19. e4 Rd8 20. Bg5 Nf8 21. e5 Nd5
22. Bxe7 Nxe7 23. Nc5 Qb6 24. Qf2 Nf5 25. Bxf5 exf5 26. Ra1 Qb5 27. Nc2 Ne6 28.
Na6 Bd5 29. Naxb4 Bxb3 30. Qe3 Bxc2 31. Nxc2 Qb3 32. Qd3 g6 33. Ra3 Qb1+ 34.
Kf2 Rxd4 35. Qxc3 Rd1 36. Ne3 Rh1 37. Ra8+ Kg7 38. Kg3 f4+ 39. Kh3 fxe3 40. Qc8
Qf5+ 41. Kg3 Qf4+ 42. Kh3 Rxh2# 0-1

[Event "Team junior-girls chess final 2016"]
[Site "Sochi"]
[Date "2016.05.08"]
[Round "8.2"]
[White "Gutkovich, Polina"]
[Black "Grunina, Margarita"]
[Result "1-0"]
[WhiteElo "1738"]
[BlackElo "1621"]
[PlyCount "171"]
[EventDate "2016.05.01"]

1. e4 c5 2. Nf3 Nc6 3. d4 cxd4 4. Nxd4 g6 5. c4 Nf6 6. Nc3 d6 7. Be2 Nxd4 8.
Qxd4 Bg7 9. Be3 O-O 10. Qd2 Be6 11. Rd1 a5 12. f3 a4 13. O-O Qa5 14. Kh1 a3 15.
b3 Kh8 16. Na4 Qxd2 17. Bxd2 Nd7 18. Bb4 b6 19. Bxa3 Nc5 20. Bxc5 bxc5 21. Rd2
Ra6 22. f4 f5 23. e5 g5 24. Rfd1 Bf7 25. h3 Re8 26. Bf3 gxf4 27. exd6 exd6 28.
Rxd6 Rxd6 29. Rxd6 Bd4 30. h4 Re1+ 31. Kh2 Bg1+ 32. Kh3 Bd4 33. g3 fxg3 34.
Rd8+ Kg7 35. Kxg3 Re3 36. Kf4 Re1 37. h5 Be6 38. Kg3 f4+ 39. Kg2 Rg1+ 40. Kh2
Bf2 41. Rd2 Be3 42. Rg2+ Rxg2+ 43. Kxg2 Bf5 44. Nb6 Bd2 45. Bd1 Be4+ 46. Kf2
Bf5 47. Nd5 Kf7 48. Kf3 Ke6 49. Nxf4+ Ke5 50. Ne2 Be4+ 51. Kf2 Kd6 52. Ng3 Ba8
53. Bc2 h6 54. Be4 Bc6 55. Ke2 Bf4 56. Nf5+ Kc7 57. Bxc6 Kxc6 58. Kf3 Bg5 59.
Ke4 Kb6 60. Nd6 Ka5 61. Kd5 Be3 62. Nb5 Kb4 63. Ke4 Bg5 64. Kd3 Bf4 65. Kc2 Be5
66. a3+ Ka5 67. Nc3 Bd6 68. Ne4 Bf8 69. Ng3 Bd6 70. Nf5 Bf4 71. Ne7 Bd6 72. Nd5
Bf8 73. Kd3 Bg7 74. b4+ Ka6 75. b5+ Kb7 76. a4 Be5 77. a5 Bd6 78. Ke4 Bg3 79.
Kf5 Be1 80. a6+ Ka7 81. Ke6 Bg3 82. Kd7 Be5 83. Kc6 Bd4 84. b6+ Kxa6 85. Nc7+
Ka5 86. b7 1-0

[Event "Team junior-girls chess final 2016"]
[Site "Sochi"]
[Date "2016.05.08"]
[Round "8.2"]
[White "Surovtseva, Alisa"]
[Black "Pogorelskikh, Sofia"]
[Result "1-0"]
[WhiteElo "1574"]
[BlackElo "1744"]
[PlyCount "87"]
[EventDate "2016.05.01"]

1. e4 c5 2. Nf3 Nc6 3. Bb5 g6 4. Bxc6 dxc6 5. h3 Bg7 6. O-O e5 7. d3 Qe7 8. Nc3
Nf6 9. Be3 O-O 10. Na4 b6 11. b3 Nh5 12. Rb1 Nf4 13. Bxf4 exf4 14. Qd2 Qc7 15.
Rfe1 Re8 16. Nc3 Bd7 17. Ne2 Bh6 18. Rbd1 Rad8 19. Qc1 Bc8 20. Nc3 g5 21. e5 g4
22. hxg4 Bxg4 23. Ne4 Bxf3 24. Nf6+ Kh8 25. Nxe8 Rxe8 26. gxf3 Qc8 27. e6 Rxe6
28. Rxe6 Qxe6 29. Re1 Qd7 30. Kf1 Kg8 31. Ke2 Kf8 32. Kd2 Qd4 33. Re2 Bg7 34.
c3 Qf6 35. Re4 Qd6 36. Qe1 Qb8 37. Qh1 h6 38. Qh4 f5 39. Qe7+ Kg8 40. Qe6+ Kh8
41. Qxf5 b5 42. Qg6 Be5 43. Qxh6+ Kg8 44. Qe6+ 1-0

[Event "Team junior-girls chess final 2016"]
[Site "Sochi"]
[Date "2016.05.08"]
[Round "8.2"]
[White "Erokhova, Violetta"]
[Black "Samoshkina, Viktoria"]
[Result "1-0"]
[WhiteElo "1653"]
[BlackElo "1291"]
[PlyCount "73"]
[EventDate "2016.05.01"]

1. e4 d5 2. exd5 Qxd5 3. Nf3 Nf6 4. d4 Bf5 5. Be2 e6 6. O-O Be7 7. c4 Qd8 8.
Qb3 Be4 9. Nc3 Bc6 10. Rd1 Qc8 11. Ne5 Nbd7 12. Nxc6 bxc6 13. Qa4 c5 14. d5 O-O
15. dxe6 fxe6 16. Bf3 Nb6 17. Qc6 a6 18. Re1 Bd6 19. b3 Re8 20. Ba3 Nbd7 21.
Qxa8 Qxa8 22. Bxa8 Rxa8 23. Rxe6 Be5 24. Rc1 Kf7 25. Rc6 Bd4 26. Rxc7 Re8 27.
Kf1 Kg8 28. Nd5 Ng4 29. Rxd7 Nxh2+ 30. Kg1 Ng4 31. Re7 Bxf2+ 32. Kf1 Rf8 33.
Ke2 Bg3 34. Rf1 Rb8 35. Bb2 Nf6 36. Nxf6+ gxf6 37. Bxf6 1-0

[Event "Team junior-girls chess final 2016"]
[Site "Sochi"]
[Date "2016.05.09"]
[Round "9.1"]
[White "Budnikova, Varvara"]
[Black "Shevchuk, Margarita"]
[Result "1-0"]
[WhiteElo "1854"]
[BlackElo "1583"]
[PlyCount "79"]
[EventDate "2016.05.01"]

1. e4 c6 2. Nf3 d5 3. Nc3 Bg4 4. h3 Bxf3 5. Qxf3 e6 6. d4 Nf6 7. Bd3 dxe4 8.
Nxe4 Nxe4 9. Qxe4 Nd7 10. O-O Nf6 11. Qh4 Nd5 12. Bg5 Be7 13. Bxe7 Qxe7 14. Qg3
O-O 15. c3 Rfe8 16. Rae1 Qc7 17. Qh4 g6 18. Re4 Re7 19. Rfe1 Rae8 20. c4 Nb6
21. Qg5 Nd7 22. h4 Nf8 23. h5 f5 24. R4e3 Rd8 25. hxg6 hxg6 26. Bxf5 Rxd4 27.
Bxe6+ Kg7 28. g3 Nh7 29. Qc5 Rd6 30. Qxa7 Ng5 31. Bg4 Rf7 32. Qc5 Nh7 33. Qe5+
Nf6 34. c5 Rd5 35. Qxc7 Rxc7 36. Bf3 Rdd7 37. Bg2 Kf7 38. Bh3 Rd2 39. R1e2 Rd5
40. Be6+ 1-0

[Event "Team junior-girls chess final 2016"]
[Site "Sochi"]
[Date "2016.05.09"]
[Round "9.1"]
[White "Kirchei, Viktoriia"]
[Black "Gutkovich, Polina"]
[Result "1-0"]
[WhiteElo "1570"]
[BlackElo "1738"]
[PlyCount "81"]
[EventDate "2016.05.01"]

1. d3 d5 2. g3 c6 3. Bg2 Nf6 4. Nd2 Bg4 5. Ngf3 Nbd7 6. O-O e5 7. e4 d4 8. h3
Bxf3 9. Nxf3 h6 10. Nh4 g6 11. Qe2 Bg7 12. Nf3 O-O 13. Nh2 Qe7 14. f4 c5 15. f5
g5 16. h4 gxh4 17. gxh4 Kh7 18. Kh1 b5 19. b3 Nb6 20. a4 a6 21. Bd2 c4 22. dxc4
bxc4 23. Ba5 Nbd7 24. Qxc4 Rfc8 25. Qe2 Qc5 26. Bd2 Qxc2 27. b4 Qc6 28. Nf3 Qd6
29. Ne1 Nb6 30. Nd3 Nfd7 31. Bh3 Qe7 32. f6 Bxf6 33. Bf5+ Kh8 34. Qh5 Bg7 35.
Bxh6 Qd6 36. Bg5+ Kg8 37. Bh7+ Kh8 38. Bg6+ Kg8 39. Qh7+ Kf8 40. Rxf7+ Ke8 41.
Rxg7+ 1-0

[Event "Team junior-girls chess final 2016"]
[Site "Sochi"]
[Date "2016.05.09"]
[Round "9.1"]
[White "Pogorelskikh, Sofia"]
[Black "Bezenkina, Ekaterina"]
[Result "1-0"]
[WhiteElo "1744"]
[BlackElo "1380"]
[PlyCount "43"]
[EventDate "2016.05.01"]

1. e4 c5 2. Nf3 g6 3. d4 cxd4 4. Nxd4 Bg7 5. Nc3 Nc6 6. Be3 Nf6 7. Bc4 O-O 8.
Bb3 d6 9. f3 Na5 10. Qd2 a6 11. O-O-O b5 12. g4 Bb7 13. h4 h5 14. Bh6 Rc8 15.
Kb1 Kh7 16. Bxg7 Kxg7 17. gxh5 Nxh5 18. Nf5+ Kg8 19. Qg5 Rc7 20. Qxg6+ Kh8 21.
Qxh5+ Kg8 22. Rdg1# 1-0

[Event "Team junior-girls chess final 2016"]
[Site "Sochi"]
[Date "2016.05.09"]
[Round "9.2"]
[White "Afanasieva, Alexandra"]
[Black "Goltseva, Ekaterina"]
[Result "0-1"]
[WhiteElo "1911"]
[BlackElo "2137"]
[PlyCount "108"]
[EventDate "2016.05.01"]

1. e4 e5 2. Nf3 Nc6 3. Bb5 a6 4. Ba4 Nf6 5. d3 d6 6. c3 g6 7. h3 Bg7 8. O-O O-O
9. Nbd2 b5 10. Bc2 Bb7 11. Re1 Nb8 12. d4 Nbd7 13. a4 c5 14. Nf1 Qc7 15. axb5
axb5 16. Rxa8 Bxa8 17. Qe2 Qb6 18. dxe5 dxe5 19. Rd1 Bc6 20. N3h2 Qb7 21. f3
Nh5 22. Qf2 Nf4 23. Bxf4 exf4 24. Qh4 Qb8 25. Qe7 Re8 26. Qd6 Qxd6 27. Rxd6 Re6
28. Rd1 h5 29. g3 g5 30. h4 Be5 31. gxf4 gxf4 32. Rd2 Bf6 33. Rg2+ Kf8 34. Nd2
Bxh4 35. Nhf1 Bd8 36. Rh2 h4 37. Rg2 Ne5 38. Nh2 h3 39. Re2 Rg6+ 40. Kh1 c4 41.
Ng4 Nxg4 42. fxg4 Rxg4 43. Kh2 Rg3 44. Nf1 Rg8 45. Rd2 Bc7 46. Kxh3 Ke8 47. e5
Bd7+ 48. Kh2 Bxe5 49. Re2 f6 50. Kh1 f3 51. Rf2 Bc7 52. Be4 Rh8+ 53. Nh2 Bg3
54. Rd2 f2 0-1

[Event "Team junior-girls chess final 2016"]
[Site "Sochi"]
[Date "2016.05.09"]
[Round "9.2"]
[White "Beshukova, Alina"]
[Black "Girshgorn, Maria"]
[Result "1/2-1/2"]
[WhiteElo "1669"]
[BlackElo "1677"]
[PlyCount "86"]
[EventDate "2016.05.01"]

1. d4 d5 2. c4 e6 3. Nf3 Nf6 4. Nc3 Be7 5. g3 b6 6. Bg2 Bb7 7. Ne5 O-O 8. O-O
Nbd7 9. b3 c5 10. e3 Rc8 11. Bb2 Ba6 12. a4 cxd4 13. exd4 Nxe5 14. dxe5 Nd7 15.
Nb5 dxc4 16. bxc4 Rxc4 17. Nxa7 Qc7 18. Nb5 Bxb5 19. axb5 Nxe5 20. Qe2 Bf6 21.
Rfc1 Rc8 22. Bc6 Rxc1+ 23. Rxc1 Qb8 24. Bxe5 Qxe5 25. Qxe5 Bxe5 26. Rd1 g6 27.
Kg2 Bc3 28. Rd7 Bb4 29. h4 e5 30. Rb7 Bc5 31. Bd5 Rf8 32. f3 Kg7 33. Kh3 Be3
34. Kg2 h5 35. Kf1 Kf6 36. Ke2 Bd4 37. Kf1 Bc5 38. Kg2 Be3 39. Kf1 g5 40. hxg5+
Kxg5 41. Rxf7 Rh8 42. Be4 Bd4 43. Ke2 Rg8 1/2-1/2

[Event "Team junior-girls chess final 2016"]
[Site "Sochi"]
[Date "2016.05.09"]
[Round "9.2"]
[White "Bondareva, Daria"]
[Black "Filippova, Darya"]
[Result "0-1"]
[WhiteElo "1601"]
[BlackElo "1976"]
[PlyCount "112"]
[EventDate "2016.05.01"]

1. e4 e5 2. Nf3 Nf6 3. Nxe5 d6 4. Nf3 Nxe4 5. d3 Nf6 6. d4 Be7 7. Be2 O-O 8.
O-O Bf5 9. c4 h6 10. Nc3 Nbd7 11. b3 d5 12. Bb2 c6 13. Ne5 dxc4 14. Nxc4 Nb6
15. Ne3 Be6 16. Bf3 Nbd5 17. Ncxd5 Nxd5 18. Nxd5 Bxd5 19. Bxd5 Qxd5 20. Qc2 Bf6
21. Rad1 Rfd8 22. Rd2 Rd7 23. Rfd1 Rad8 24. Bc3 Qg5 25. h3 Rd5 26. Qe4 R5d7 27.
Qe3 Qb5 28. Qf3 Rd5 29. Qe4 Qb6 30. Qg4 Qc7 31. Qe2 Qf4 32. Qe3 Qf5 33. Qe2 c5
34. Qc4 b5 35. Qe2 cxd4 36. Bb4 d3 37. Qf1 Qe4 38. a3 Bg5 39. Ra2 Rc8 40. Bd2
Rc2 41. Re1 Qd4 42. Re8+ Kh7 43. Be3 Qc3 44. Ra1 d2 45. Bxg5 Qxa1 46. Qxa1
d1=Q+ 47. Qxd1 Rxd1+ 48. Kh2 hxg5 49. Re5 Rxf2 50. Rxb5 f6 51. Kg3 Rdd2 52. Ra5
Rxg2+ 53. Kf3 Rh2 54. Kg3 Rh1 55. Rxa7 Rd3+ 56. Kg2 Ra1 0-1

[Event "Team junior-girls chess final 2016"]
[Site "Sochi"]
[Date "2016.05.09"]
[Round "9.2"]
[White "Serditykh, Olesya"]
[Black "Krupnova, Anna"]
[Result "0-1"]
[WhiteElo "1820"]
[BlackElo "1595"]
[PlyCount "120"]
[EventDate "2016.05.01"]

1. d4 Nf6 2. c4 c5 3. d5 b5 4. cxb5 a6 5. bxa6 Bxa6 6. Nc3 g6 7. Nf3 Bg7 8. e4
Bxf1 9. Kxf1 d6 10. g3 O-O 11. Kg2 Nbd7 12. h3 Qa5 13. Qc2 Rfb8 14. a4 Ne8 15.
Bd2 Nc7 16. Nb5 Qb6 17. Nxc7 Qxc7 18. Rab1 Rb7 19. b3 Rab8 20. Bc3 Bxc3 21.
Qxc3 Nf6 22. Nd2 Rb4 23. Rhe1 Qb7 24. Re3 c4 25. Nxc4 Rxa4 26. Na5 Nxd5 27.
Nxb7 Nxc3 28. bxa4 Nxb1 29. Rb3 Nd2 30. Rb4 Nxe4 31. Rxe4 Rxb7 32. a5 Kf8 33.
a6 Ra7 34. Ra4 Ke8 35. Kf3 Kd7 36. g4 Kc6 37. g5 Kb6 38. Rh4 Kxa6 39. Rxh7 e5
40. h4 d5 41. Ke3 d4+ 42. Kd3 Rb7 43. Rg7 Kb6 44. f4 exf4 45. Kxd4 Re7 46. Rg8
Kb7 47. h5 f3 48. h6 f2 49. h7 f1=Q 50. h8=Q Qd1+ 51. Kc4 Rc7+ 52. Kb4 Qb1+ 53.
Ka3 Qc1+ 54. Qb2+ Qxb2+ 55. Kxb2 Rc5 56. Rf8 Rf5 57. Rd8 Kc7 58. Rd4 Rxg5 59.
Kc3 Re5 60. Kd3 f5 0-1

[Event "Team junior-girls chess final 2016"]
[Site "Sochi"]
[Date "2016.05.10"]
[Round "10.1"]
[White "Goltseva, Ekaterina"]
[Black "Budnikova, Varvara"]
[Result "1-0"]
[WhiteElo "2137"]
[BlackElo "1854"]
[PlyCount "75"]
[EventDate "2016.05.01"]

1. d4 d5 2. Nf3 Nf6 3. c4 dxc4 4. e3 a6 5. Bxc4 e6 6. O-O c5 7. dxc5 Bxc5 8.
Qxd8+ Kxd8 9. Nbd2 Ke7 10. Be2 Rd8 11. a3 Bd7 12. b4 Bd6 13. Bb2 Bc6 14. Nd4
Bd5 15. f3 Nc6 16. N2b3 Nxd4 17. Nxd4 b6 18. Rac1 Kf8 19. Rfd1 Ne8 20. Nc6 Rdc8
21. Ne5 Rd8 22. Nc4 Bc7 23. Bd4 Rab8 24. e4 Ba8 25. Be3 Rxd1+ 26. Rxd1 Bc6 27.
Nb2 Bb5 28. Bxb5 axb5 29. a4 bxa4 30. Nxa4 Ke7 31. g3 b5 32. Bc5+ Bd6 33. Rxd6
Nxd6 34. e5 Rb7 35. exd6+ Kd7 36. Nb6+ Kd8 37. d7 Ra7 38. Be7+ 1-0

[Event "Team junior-girls chess final 2016"]
[Site "Sochi"]
[Date "2016.05.10"]
[Round "10.1"]
[White "Gutkovich, Polina"]
[Black "Beshukova, Alina"]
[Result "1-0"]
[WhiteElo "1738"]
[BlackElo "1669"]
[PlyCount "159"]
[EventDate "2016.05.01"]

1. e4 c5 2. c3 Nf6 3. e5 Nd5 4. Nf3 e6 5. d4 cxd4 6. cxd4 d6 7. Bc4 Nb6 8. Bb3
Nc6 9. O-O Be7 10. Nc3 a6 11. Bf4 O-O 12. Bc2 d5 13. Qb1 h6 14. Qc1 g5 15. Be3
Nc4 16. Ne2 Bd7 17. Bb1 f5 18. exf6 Bxf6 19. Qc2 Qe7 20. h3 Be8 21. Nh2 Nb4 22.
Qc1 Bb5 23. Re1 Rac8 24. Nc3 Nd6 25. Qd1 Be8 26. h4 Kh8 27. hxg5 Bxg5 28. Bxg5
Qxg5 29. Rxe6 Rg8 30. Qf3 Bh5 31. Qf6+ Qxf6 32. Rxf6 Nf7 33. a3 Nc6 34. Ba2
Nxd4 35. Bxd5 Rc7 36. Bxf7 Bxf7 37. Rxh6+ Kg7 38. Rh4 Rc4 39. Rg4+ Kf8 40.
Rxg8+ Kxg8 41. Ng4 Nb3 42. Nh6+ Kg7 43. Nxf7 Nxa1 44. Nd6 Rc7 45. Nf5+ Kg6 46.
Nd4 Rc4 47. Nf3 Kf5 48. Kf1 Nc2 49. Nd2 Rc7 50. Ne2 Rd7 51. Ng3+ Kf4 52. Nge4
Rd4 53. g3+ Kf5 54. f3 Ne3+ 55. Ke2 Nc2 56. Nb3 Rd7 57. Nbc5 Rh7 58. Nxb7 Rh2+
59. Kd1 Ne3+ 60. Kc1 Rh1+ 61. Kd2 Nc4+ 62. Kc3 Rc1+ 63. Kb3 Ne5 64. Nbd6+ Ke6
65. f4 Ng4 66. Nc4 Kd5 67. Nc3+ Ke6 68. Ne2 Re1 69. Nd4+ Kd5 70. Nf3 Re4 71.
Nfd2 Re7 72. Kc3 Nf2 73. Ne5 Rc7+ 74. Kb3 Rb7+ 75. Ka2 Rg7 76. Nf1 Ne4 77. Ne3+
Ke6 78. g4 Rf7 79. Nxf7 Kxf7 80. Kb3 1-0

[Event "Team junior-girls chess final 2016"]
[Site "Sochi"]
[Date "2016.05.10"]
[Round "10.1"]
[White "Filippova, Darya"]
[Black "Pogorelskikh, Sofia"]
[Result "1-0"]
[WhiteElo "1976"]
[BlackElo "1744"]
[PlyCount "105"]
[EventDate "2016.05.01"]

1. c4 c5 2. g3 Nc6 3. Bg2 g6 4. Nc3 Bg7 5. e3 e6 6. Nge2 Nge7 7. Nf4 O-O 8. O-O
Rb8 9. d3 a6 10. h4 b5 11. Qe2 Na5 12. cxb5 axb5 13. e4 Nac6 14. Be3 b4 15. Nd1
Nd4 16. Bxd4 Bxd4 17. Ne3 Ba6 18. Rfc1 d6 19. Qd2 Nc6 20. Ne2 Bg7 21. f4 Qb6
22. Nc4 Bxc4 23. dxc4 Nd4 24. Nxd4 Bxd4+ 25. Kh2 Ra8 26. f5 Ra5 27. fxe6 fxe6
28. Rf1 Rxf1 29. Rxf1 Rxa2 30. Qf4 Qd8 31. Qf7+ Kh8 32. Qb7 Bf6 33. Kh3 Kg8 34.
g4 Rxb2 35. g5 Be7 36. Kg3 Qe8 37. Bh3 Bf8 38. Rf6 Rb3+ 39. Kh2 Rxh3+ 40. Kxh3
Bg7 41. Rf2 Be5 42. Ra2 Qf7 43. Qc8+ Kg7 44. Kg2 Qg8 45. Ra7+ Kh8 46. Qb7 Bg7
47. Qa6 Be5 48. Ra8 Qxa8 49. Qxa8+ Kg7 50. Qb7+ Kf8 51. Qxh7 Bg7 52. Qxg6 b3
53. Qxe6 1-0

[Event "Team junior-girls chess final 2016"]
[Site "Sochi"]
[Date "2016.05.10"]
[Round "10.1"]
[White "Erokhova, Violetta"]
[Black "Shakhmatova, Kseniya"]
[Result "0-1"]
[WhiteElo "1653"]
[BlackElo "1828"]
[PlyCount "56"]
[EventDate "2016.05.01"]

1. d4 Nf6 2. c4 e6 3. Nc3 Bb4 4. e3 O-O 5. a3 Bxc3+ 6. bxc3 b6 7. Bd3 Bb7 8. f3
d5 9. Ne2 Nbd7 10. cxd5 exd5 11. O-O Rc8 12. Ng3 Re8 13. Re1 h5 14. Ra2 c5 15.
Rae2 Nb8 16. Bb2 Nc6 17. Bb1 Ba6 18. Rf2 Rc7 19. e4 dxe4 20. fxe4 Ng4 21. Rf3
Rd7 22. Qa4 Bb7 23. h3 Nf6 24. d5 Nxd5 25. Nxh5 Qh4 26. Ng3 Ne5 27. Rff1 Qxg3
28. exd5 Nf3+ 0-1